000 01170nam0a22002411 4500
001 rc\947493
005 20041129100011.7
035 _a(NLR Aleph) 006119451
090 _a5444989
_c5444989
100 _a20041129d1982 u |0rusy50 ca
101 0 _arus
102 _aRU
105 _ay |||||||||
200 1 _aМетодические рекомендации по использованию опыта работы межотраслевых сквозных бригад Челябинской области по изготовлению и реализации товаров народного потребления отличного качества
_fТорг. центр Упр. торговли Челяб. облисполкома, Ур. дом науч.-техн. пропаганды
_g[В.Т. Сидой к. э. н.]
210 _aЧелябинск
_cБ. и.
_d1982
215 _a79 с.
_d20
702 1 _aСидой
_bВ. Т.
_gВиктор Трофимович
_4220
712 0 2 _aЧелябинское обл. упр. торговли
801 0 _aRU
_bNLR
_gpsbo
801 1 _aRU
_bELAR
_2rusmarc
852 _aNLR
_j83-4/15844
942 _cBOOK
980 _aNB